000 00672nab a2200193 4500
001 244442
003 OSt
005 20230726133541.0
007 tu
008 200917s2020|||||||
040 _aDE-2950
_cDE-2950
245 0 0 _aNeue Wasserflöhe für Brandenburg
_bFrühwarnsystem. Ein neues Messegerät in Frankfurt (Oder) soll massenhaftes Fischsterben in der Oder frühzeitig anzeigen und Maßnahmen zum Schutz flussabwärts ermöglichen/
_cNancy Waldmann
264 _c2023
653 _aFrankfurt (Oder)
653 _aOder
653 _aFrühwarnsystem
773 0 _g34. Jahrgang (2023) Nr. 162 vom 14.07.2023, S. 9 mit Foto
_tMärkische Oderzeitung
942 _2z
_cA
999 _c372638
_d372638